[Event "2022 Welsh Open "]
[Site "Cardiff"]
[Date "2022.04.15"]
[Round "2"]
[Board "7"]
[White "Larg, Richard"]
[Black "Bevan, Peter M"]
[Result "0-1"]
[WhiteElo "1645"]
[BlackElo "1855"]
[PlyCount "0"]
[EventDate "2022.04.15"]
[EventRounds "7"]
[EventCountry "WLS"]

1. d4 Nf6 2. c4 g6 3. Nf3 Bg7 4. e3 O-O 5. Bd3 d6 6. O-O Nc6 7. a3 e5 8. dxe5 dxe5
9. Be2 a5 10. Qxd8 Rxd8 11. Nc3 Bf5 12. Nb5 Rac8 13. b3 Bd3 14. Re1 e4 15. Nd2 Nd7
16. Ra2 Bxe2 17. Rxe2 Nc5 18. Kf1 Nd3 19. Rc2 f5 20. g3 Rd7 21. Nb1 Nxc1 22. Rxc1
Ne5 23. Rd2 Nd3 24. Rcc2 Rcd8 25. N5c3 Nc5 26. Rxd7 Rxd7 27. b4 axb4 28. axb4 Nd3
29. b5 Ne5 30. Rd2 Rxd2 31. Nxd2 Nxc4 32. Nxc4 Bxc3 33. b6 cxb6 34. Nxb6 Ba5 35.
Nc4 Bc7 36. Na3 Kf7 37. Ke2 Ke6 38. f3 exf3+ 39. Kxf3 Kd5 40. h3 Bd6 41. Nb5 Kc5
42. Nd4 b5 43. g4 fxg4+ 44. Kxg4 Be7 45. Kf3 b4 46. Ke2 Kc4 47. Nc6 Bf6 48. Na5+
Kc3 49. e4 b3 50. Nxb3 Kxb3 51. Kd3 Kb4 52. Ke3 Kc4 53. Kf3 Kd4 54. Kf4 h6 55. Kf3
Bg5 56. Kg4 Kxe4 57. h4 Bf4 58. Kh3 Bd2 59. Kg4 Be1 60. Kh3 Kf3 61. h5 g5 62. Kh2
Kg4 63. Kg2 Kxh5 64. Kf1 Ba5 65. Kg2 Kg4 66. Kh2 Kf3 67. Kh3 g4 68. Kh2 g3+ 69. Kh1
g2+ 70. Kh2 Kf2 71. Kh3 g1=Q 72. Kh4  0-1

[Event "2022 Welsh Open "]
[Site "Cardiff"]
[Date "2022.04.15"]
[Round "2"]
[Board "8"]
[White "Jukes, Sam"]
[Black "Binesmael, Mohamed"]
[Result "1-0"]
[WhiteElo "1850"]
[BlackElo "1642"]
[PlyCount "0"]
[EventDate "2022.04.15"]
[EventRounds "7"]
[EventCountry "WLS"]

1. e4 c6 2. d4 d5 3. Nc3 dxe4 4. Nxe4 Bf5 5. Ng3 Bg6 6. N1e2 e6 7. Nf4 Qc7 8. Nxg6
hxg6 9. Qf3 Nf6 10. Bd3 Bd6 11. Ne4 Nxe4 12. Bxe4 Nd7 13. Bg5 Qa5+ 14. Bd2 Qb6 15.
O-O-O Qxd4 16. Bc3 Qc5 17. Bxg7 Rh4 18. g3 Rh5 19. h4 Ne5 20. Qe2 O-O-O 21. Bf6 Rd7
22. g4 Rh7 23. Kb1 Be7 24. Bxe5 Qxe5 25. Rxd7 Bf6 26. c3 Kxd7 27. Rd1+ Kc7 28. Qd3
Rxh4 29. Qd7+ Kb6 30. Rd4 a5 31. b4 Qb5 32. Bd3 Rh1+ 33. Kb2 Qg5 34. f4 Qxg4 35.
bxa5+ Ka7 36. a6 Qg2+ 37. Ka3 Rb1 38. Bxb1 Kxa6 39. Bd3+ Kb6 40. Rb4+ Kc5 41. Qxb7
Qd2 42. Rc4+ Kd6 43. Rxc6+ Kd5 44. Qb5#  1-0

[Event "2022 Welsh Open "]
[Site "Cardiff"]
[Date "2022.04.15"]
[Round "2"]
[Board "9"]
[White "Sipho, Donovan"]
[Black "Fowler, Hugo"]
[Result "1/2-1/2"]
[WhiteElo "1638"]
[BlackElo "1840"]
[PlyCount "0"]
[EventDate "2022.04.15"]
[EventRounds "7"]
[EventCountry "WLS"]

1. c4 Nf6 2. Nc3 d5 3. cxd5 Nxd5 4. e4 Nxc3 5. bxc3 g6 6. d4 Bg7 7. Nf3 O-O 8. Bc4
c5 9. O-O Bg4 10. Be3 cxd4 11. Bxd4 Nc6 12. Bxg7 Kxg7 13. Be2 Qxd1 14. Rfxd1 Rac8
15. Nd4 Bxe2 16. Nxe2 Rfd8 17. Kf1 Ne5 18. Rd5 Rxd5 19. exd5 Rd8 20. Rd1 e6 21. d6
Nc4 22. d7 Nb6 23. Ng3 Rxd7 24. Rxd7 Nxd7 25. Ke2 Kf6 26. Ne4+ Ke5 27. Ng5 f6 28.
Nxh7 g5 29. g4 Kf4 30. f3 f5 31. h3 e5 32. Kf2 fxg4 33. hxg4 b5 34. Ke2 a6 35. Kf2
e4 36. fxe4 Nc5 37. e5 Nd3+ 38. Kg2 Nxe5 39. Nf6 Nxg4 40. Nd5+ Ke4 41. Nc7 Kd3 42.
Nxa6 Kxc3 43. Nc7 b4 44. Nd5+ Kc4 45. Nc7 Ne5 46. Kg3 Kc5 47. Ne6+ Kc4 48. Nc7 Kc5
49. Ne6+ Kb5 50. Nc7+ Ka4 51. Nd5 Ka3 52. Kh3 Nd7 53. Nxb4 Kxb4 54. Kg4 Ka3 55. Kxg5
Kxa2  1/2-1/2

[Event "2022 Welsh Open "]
[Site "Cardiff"]
[Date "2022.04.15"]
[Round "2"]
[Board "10"]
[White "Morgans, Justin"]
[Black "Taylor, Robert Graham"]
[Result "1-0"]
[WhiteElo "1618"]
[BlackElo "1805"]
[PlyCount "0"]
[EventDate "2022.04.15"]
[EventRounds "7"]
[EventCountry "WLS"]

1. e4 c5 2. Nf3 e6 3. c3 d6 4. Bc4 Nd7 5. O-O Ngf6 6. d3 Be7 7. Be3 O-O 8. Nbd2 Ng4
9. Bf4 Nge5 10. d4 Nxc4 11. Nxc4 Nf6 12. e5 dxe5 13. dxe5 Nd5 14. Bg3 Bd7 15. Nd6
Bc6 16. c4 Nb6 17. b3 f5 18. Bf4 g5 19. Bc1 Nd7 20. Bb2 g4 21. Ne1 Bg5 22. g3 Qe7
23. Ng2 Qg7 24. Re1 Qh6 25. Qe2 Qh3 26. Qf1 b6 27. Nf4 Qh6 28. Bc1 Rad8 29. Nb5 a6
30. Nc7 Bxf4 31. Bxf4 Qg6 32. Rad1 Bf3 33. Rd6 Nb8 34. Nxe6 Rxd6 35. Nxf8 Kxf8 36.
exd6 Nc6 37. d7 Be4 38. Rd1 Qf6 39. Rd6 Qd8 40. Qd1 Nd4 41. Rxd4 cxd4 42. Qxd4 Kf7
43. Bc7 Qg5 44. Qe3 Qg7 45. Qc1 Qh6 46. Qxh6  1-0

[Event "2022 Welsh Open "]
[Site "Cardiff"]
[Date "2022.04.15"]
[Round "2"]
[Board "11"]
[White "Guy, David"]
[Black "Parri, Deio"]
[Result "1-0"]
[WhiteElo "1870"]
[BlackElo "1635"]
[PlyCount "0"]
[EventDate "2022.04.15"]
[EventRounds "7"]
[EventCountry "WLS"]

1. d4 d5 2. c4 e6 3. Nc3 Nf6 4. Bg5 Be7 5. Nf3 O-O 6. e3 b6 7. Bd3 Bb7 8. O-O h6
9. Bh4 c6 10. Rc1 Nbd7 11. cxd5 cxd5 12. Qe2 Re8 13. Rfd1 a6 14. h3 Nf8 15. Ne5 N6d7
16. Bxe7 Qxe7 17. f4 f6 18. Nxd7 Nxd7 19. Bb1 Rad8 20. a3 Nf8 21. Ba2 Kh8 22. Qf2
Rd7 23. Na4 Qd6 24. Nc3 Rc8 25. Ne2 Rdc7 26. Rxc7 Rxc7 27. Rc1 Rd7 28. f5 e5 29.
g4 b5 30. b4 a5 31. Rc5 axb4 32. axb4 Qa6 33. Nc3 Qa3 34. Nxb5 Qxb4 35. Nc7 exd4
36. exd4 Re7 37. Rb5 Qd6 38. Rxb7 Rxc7 39. Rxc7 Qxc7 40. Bxd5 Nd7 41. Qe3 Qd8 42.
Kg2 Nb6 43. Bb3 Nd5 44. Qf3 Nb6 45. Qe4 Qa8 46. Qxa8+ Nxa8 47. d5 Kh7 48. d6 Nb6
49. Be6  1-0

[Event "2022 Welsh Open "]
[Site "Cardiff"]
[Date "2022.04.15"]
[Round "2"]
[Board "12"]
[White "Sud, Arnav"]
[Black "Espinosa Delgado, Miguel"]
[Result "0-1"]
[WhiteElo "1425"]
[BlackElo "1878"]
[PlyCount "0"]
[EventDate "2022.04.15"]
[EventRounds "7"]
[EventCountry "WLS"]

1. e4 d6 2. d4 Nf6 3. Nc3 e5 4. dxe5 dxe5 5. Qxd8+ Kxd8 6. Bg5 Be6 7. Nf3 Nbd7 8.
Rd1 c6 9. Be2 Kc7 10. O-O h6 11. Bxf6 gxf6 12. Nh4 b5 13. a4 b4 14. Nb1 Nc5 15. Nd2
Nxa4 16. Rb1 Nb6 17. b3 Bc5 18. Nf5 Nc8 19. Nc4 Ne7 20. Nce3 Ng6 21. Ng7 Nf4 22.
Nxe6+ Nxe6 23. Nf5 h5 24. Bc4 h4 25. Bxe6 fxe6 26. Ng7 Kd7 27. Rfd1+ Ke7 28. Rd2
Rh7 29. Rbd1 Bd4 30. Nxe6 Kxe6 31. Kf1 a5 32. f4 a4 33. bxa4 Rha7 34. f5+ Ke7 35.
Rd3 Rxa4 36. Rh3 Rh8 37. Rb3 Bc3 38. Rd3 c5 39. Rb1 Ra1 40. Rxa1 Bxa1 41. Rh3 Bc3
42. Ke2 Kd6 43. g3 c4 44. gxh4 Kc5 45. h5 Kd4 46. Rh4 Bb2 47. h6 Rh7 48. Kd2 Bc3+
49. Ke2 Kc5 50. Kf3 b3 51. cxb3 cxb3 52. Kg4 b2 53. Kh5 b1=Q 54. Kg6 Qb7 55. Kh5
Qg7  0-1

[Event "2022 Welsh Open "]
[Site "Cardiff"]
[Date "2022.04.15"]
[Round "2"]
[Board "13"]
[White "Bridges, Paul"]
[Black "Pugh, Noah"]
[Result "1-0"]
[WhiteElo "1768"]
[BlackElo "1450"]
[PlyCount "0"]
[EventDate "2022.04.15"]
[EventRounds "7"]
[EventCountry "WLS"]

1. e4 e5 2. Nc3 Nf6 3. Bc4 Nc6 4. Nf3 h6 5. O-O Bc5 6. a3 a5 7. d3 d6 8. h3 Bd7 9.
Qe2 Ne7 10. Be3 Bxe3 11. Qxe3 c6 12. Qd2 O-O 13. Ba2 Ng6 14. d4 Qc8 15. Kh2 Bxh3
16. gxh3 Nf4 17. Ng1 Rd8 18. dxe5 dxe5 19. Qe3 Rd4 20. Rad1 c5 21. Bd5 Qd7 22. Nge2
N6xd5 23. Nxd5 Nxd5 24. exd5 Rxd5 25. Nc3 Rxd1 26. Rxd1 Qf5 27. Rd2 b6 28. Qe4 Qxe4
29. Nxe4 f6 30. Rd6 Rb8 31. Kg2 Kf8 32. Rd7   1-0

[Event "2022 Welsh Open "]
[Site "Cardiff"]
[Date "2022.04.15"]
[Round "2"]
[Board "14"]
[White "Zografos, Lefteris"]
[Black "Wu, Yuxuan"]
[Result "0-1"]
[WhiteElo "1749"]
[BlackElo "1303"]
[PlyCount "60"]
[EventDate "2022.04.15"]
[EventRounds "7"]
[EventCountry "WLS"]

1. e4 c5 2. c3 d5 3. exd5 Qxd5 4. d4 Nf6 5. Nf3 e6 6. Na3 Nc6 7. Nb5 Qd8 8. Bf4 Nd5
9. Bg3 a6 10. c4 axb5 11. cxd5 Qa5+ 12. Nd2 Nxd4 13. Bd3 c4 14. Be5 cxd3 15. Bxd4
Bb4 16. Be3 exd5 17. O-O O-O 18. Nb3 Qa6 19. Qxd3 Be6 20. Nd4 Bd7 21. Rfd1 Qg6 22.
Qxg6 hxg6 23. Nc2 Be7 24. Rxd5 Bc6 25. Rdd1 Rfd8 26. Rdc1 Bf6 27. Rcb1 Be4 28. Na3
Bxb1 29. Rxb1 b4 30. Nc2 Rxa2 31. g3 b3  0-1

[Event "2022 Welsh Open "]
[Site "Cardiff"]
[Date "2022.04.15"]
[Round "2"]
[Board "15"]
[White "Dixon, Chris"]
[Black "Westcott, Dale"]
[Result "1/2-1/2"]
[WhiteElo "1735"]
[BlackElo "1250"]
[PlyCount "52"]
[EventDate "2022.04.15"]
[EventRounds "7"]
[EventCountry "WLS"]

1. e4 c6 2. d4 d5 3. exd5 cxd5 4. Bd3 Nc6 5. c3 Nf6 6. Bf4 Bg4 7. Qb3 Qd7 8. Nd2
e6 9. Ngf3 Bd6 10. Bxd6 Qxd6 11. O-O O-O 12. Rfe1 Qc7 13. Qc2 h6 14. h3 Bxf3 15.
Nxf3 Rac8 16. Qd2 Qd6 17. Ne5 Nd7 18. Nxd7 Qxd7 19. Re3 f5 20. Bb5 a6 21. Bxc6 Qxc6
22. Rae1 Rce8 23. Qe2 Rf6 24. f4 Qd6 25. Re5 b5 26. Kh1 Re7  1/2-1/2

[Event "2022 Welsh Open "]
[Site "Cardiff"]
[Date "2022.04.15"]
[Round "2"]
[Board "17"]
[White "Fowler, Caspian"]
[Black "Kong, Emma Zihan"]
[Result "0-1"]
[WhiteElo "1475"]
[BlackElo "1152"]
[PlyCount "108"]
[EventDate "2022.04.15"]
[EventRounds "7"]
[EventCountry "WLS"]

1. e4 c5 2. c3 d6 3. d4 cxd4 4. cxd4 h6 5. Nf3 Bg4 6. Bb5+ Nd7 7. Nc3 a6 8. Bd3
Ngf6 9. h3 Bh5 10. Be3 e5 11. O-O Be7 12. Rc1 O-O 13. Be2 Rc8 14. Nh2 Bg6 15. Bd3
Bh5 16. Qd2 Nh7 17. f4 Bh4 18. Be2 Bxe2 19. Nxe2 Rxc1 20. Qxc1 Be7 21. Ng3 Qb8 22.
Nf5 Bd8 23. Ng4 h5 24. Nh2 Nhf6 25. Qd1 g6 26. fxe5 dxe5 27. dxe5 Qxe5 28. Nd6 Bc7
29. Bf4 Qxb2 30. e5 Nxe5 31. Bc1 Qb6+ 32. Kh1 Qxd6 33. Qxd6 Bxd6 34. Rxf6 Nc4 35.
Bf4 Bxf4 36. Rxf4 b5 37. Nf3 Rd8 38. a4 Kg7 39. Ng5 Rd1+ 40. Kh2 f5 41. Ne6+ Kf6
42. Nc5 g5 43. Rf2 bxa4 44. Nxa4 Ra1 45. Nc3 a5 46. g4 hxg4 47. hxg4 f4 48. Ne4+
Kg6 49. Kh3 Rh1+ 50. Kg2 Re1 51. Nc5 Re5 52. Nb7 a4 53. Ra2 a3 54. Nd8 Rb5  0-1

[Event "2022 Welsh Open "]
[Site "Cardiff"]
[Date "2022.04.15"]
[Round "2"]
[Board "19"]
[White "Jones, Jeremy"]
[Black "Bandaru, Sumanth"]
[Result "1-0"]
[WhiteElo "1580"]
[BlackElo "1113"]
[PlyCount "49"]
[EventDate "2022.04.15"]
[EventRounds "7"]
[EventCountry "WLS"]

1. e4 d5 2. exd5 Qxd5 3. Nc3 Qd8 4. Bc4 e6 5. Nf3 Nc6 6. O-O Bd6 7. d4 Na5 8. Bd3
Nf6 9. Bg5 b6 10. Ne4 Be7 11. c3 Bd7 12. Ne5 Nc6 13. Nxd7 Nxd7 14. Be3 Nf6 15. Nxf6+
Bxf6 16. Bb5 Qd5 17. Qa4 Kd7 18. c4 Qe4 19. d5 Ke7 20. Qa3+ Nb4 21. Qxb4+ Kd8 22.
Rad1 Kc8 23. Ba6+ Kb8 24. Qb5 exd5 25. Qc6  1-0

[Event "2022 Welsh Open "]
[Site "Cardiff"]
[Date "2022.04.15"]
[Round "2"]
[Board "20"]
[White "Fowler, Tansy"]
[Black "Probert, Malcolm"]
[Result "0-1"]
[WhiteElo "1264"]
[BlackElo "1575"]
[PlyCount "68"]
[EventDate "2022.04.15"]
[EventRounds "7"]
[EventCountry "WLS"]

1. e4 c6 2. Nf3 d5 3. exd5 cxd5 4. d4 Nf6 5. Nc3 g6 6. Bg5 Bg7 7. Bd3 Nc6 8. h3 Qb6
9. Bxf6 Bxf6 10. Nxd5 Qa5+ 11. c3 Qxd5 12. O-O O-O 13. Re1 Re8 14. Be4 Qd6 15. Qb3
Qc7 16. Rad1 Na5 17. Qa4 Bd7 18. Qa3 Nc4 19. Qb4 Nd6 20. Bd5 e6 21. Bb3 b6 22. a4
Be7 23. c4 Ne4 24. c5 bxc5 25. dxc5 Nxc5 26. Qc4 Qb6 27. Bc2 Rac8 28. Qe2 Bxa4 29.
Ra1 Bxc2 30. Qxc2 Nb3 31. Qd3 Nxa1 32. Rxa1 Red8 33. Qe2 Rb8 34. Rb1 a5  0-1

[Event "2022 Welsh Open "]
[Site "Cardiff"]
[Date "2022.04.15"]
[Round "2"]
[Board "22"]
[White "Liyanage, Hasini Pamuditha"]
[Black "Chung, Ethan Cheung Jing"]
[Result "0-1"]
[WhiteElo "1117"]
[BlackElo "1554"]
[PlyCount "76"]
[EventDate "2022.04.15"]
[EventRounds "7"]
[EventCountry "WLS"]

1. d4 d5 2. Nf3 e6 3. Bf4 c5 4. e3 Nc6 5. c4 Nf6 6. Nbd2 Bd6 7. dxc5 Bxc5 8. cxd5
Nxd5 9. Rc1 Bd6 10. Bxd6 Qxd6 11. Bb5 Bd7 12. Qb3 O-O 13. Ne4 Qb4+ 14. Qxb4 Ndxb4
15. a3 a6 16. axb4 axb5 17. Rd1 Be8 18. Nd6 Nxb4 19. Nxb7 Bc6 20. Nc5 Bxf3 21. gxf3
Ra2 22. Nd7 Rfa8 23. Nb6 Re8 24. O-O g6 25. Nd7 Kg7 26. Rd4 Rxb2 27. Ne5 Nd5 28.
e4 Nf4 29. Rd7 Rf8 30. h4 h5 31. Kh2 Kf6 32. Nc6 b4 33. e5+ Kg7 34. Kg3 Nd5 35. Ra1
b3 36. Rd8 Rxd8 37. Nxd8 Rc2 38. Rb1 b2  0-1

[Event "2022 Welsh Open "]
[Site "Cardiff"]
[Date "2022.04.15"]
[Round "2"]
[Board "23"]
[White "Norris, David"]
[Black "Edwards, Jonathan Simon"]
[Result "1/2-1/2"]
[WhiteElo "1554"]
[BlackElo "1071"]
[PlyCount "138"]
[EventDate "2022.04.15"]
[EventRounds "7"]
[EventCountry "WLS"]

1. e4 e6 2. e5 Ne7 3. Nf3 d5 4. exd6 cxd6 5. b3 Ng6 6. Bb5+ Bd7 7. Qe2 Be7 8. Bxd7+
Nxd7 9. Bb2 Nf4 10. Qe4 e5 11. g3 Nc5 12. Qc4 Nh3 13. Qg4 Ng5 14. Nxg5 Bxg5 15. f4
exf4 16. Qe2+ Qe7 17. Qxe7+ Bxe7 18. Bxg7 Rg8 19. Bd4 O-O-O 20. Nc3 Rde8 21. O-O-O
Ne6 22. Bxa7 Bf6 23. Nd5 Bd4 24. Bxd4 Nxd4 25. Nf6 Ne2+ 26. Kb2 fxg3 27. hxg3 Nxg3
28. Rh4 b5 29. Nxg8 Rxg8 30. Rg1 f5 31. a4 bxa4 32. bxa4 Kc7 33. Rc4+ Kb6 34. Rb4+
Ka5 35. Kb3 f4 36. Rb5+ Ka6 37. Kb4 f3 38. Ra5+ Kb6 39. Rb1 Rg4+ 40. c4 f2 41. Rb5+
Ka6 42. Rb8 f1=Q 43. Rxf1 Nxf1 44. d3 h5 45. Rh8 h4 46. Rh6 Ne3 47. Rxd6+ Ka7 48.
Kb5 Rg5+ 49. c5 h3 50. Rd7+ Kb8 51. Rh7 Nd5 52. Rxh3 Nc3+ 53. Kb4 Nd5+ 54. Kb5 Nc7+
55. Kb6 Rg6+ 56. c6 Nd5+ 57. Kc5 Ne7 58. Rh8+ Kc7 59. Rh7 Rxc6+ 60. Kb5 Rb6+ 61.
Kc5 Re6 62. d4 Kd7 63. d5 Re5 64. Kc4 Rxd5 65. Rxe7+ Kc6 66. Re6+ Rd6 67. Rxd6+ Kxd6
68. Kb5 Kc7 69. Ka6 Kb8  1/2-1/2

[Event "2022 Welsh Open "]
[Site "Cardiff"]
[Date "2022.04.15"]
[Round "2"]
[Board "24"]
[White "Beeston, Darson"]
[Black "McGhee, David"]
[Result "0-1"]
[WhiteElo "1100"]
[BlackElo "1529"]
[PlyCount "80"]
[EventDate "2022.04.15"]
[EventRounds "7"]
[EventCountry "WLS"]

1. d4 d5 2. c4 c6 3. Nc3 Nf6 4. Nf3 e6 5. Bg5 dxc4 6. e4 b5 7. e5 h6 8. exf6 hxg5
9. fxg7 Bxg7 10. Qd2 g4 11. Qg5 Qxg5 12. Nxg5 Bxd4 13. Be2 Bb7 14. Nge4 Ke7 15. Bxg4
f5 16. O-O-O Bxc3 17. Bxf5 exf5 18. Nc5 Rd8 19. Nxb7 Rxd1+ 20. Rxd1 Be5 21. Re1 Kf6
22. g3 Na6 23. Na5 Nb4 24. Kb1 Rd8 25. a3 Nd3 26. Rd1 Rd6 27. a4 Nb4 28. Rxd6+ Bxd6
29. axb5 cxb5 30. b3 c3 31. Nb7 Be7 32. h4 Kg6 33. f3 Kh5 34. Kc1 f4 35. gxf4 Kxh4
36. Kd1 Kg3 37. f5 Kxf3 38. f6 Bxf6 39. Nc5 c2+ 40. Kc1 Bg5+  0-1

[Event "2022 Welsh Open "]
[Site "Cardiff"]
[Date "2022.04.15"]
[Round "2"]
[Board "25"]
[White "Cox, John"]
[Black "Maguire, Steve"]
[Result "1/2-1/2"]
[WhiteElo "1431"]
[BlackElo "856"]
[PlyCount "67"]
[EventDate "2022.04.15"]
[EventRounds "7"]
[EventCountry "WLS"]

1. e4 d5 2. exd5 Nf6 3. d4 Nxd5 4. c4 Nf6 5. Nf3 Bf5 6. Nc3 c5 7. d5 e6 8. Bg5 Be7
9. Qa4+ Qd7 10. dxe6 Bxe6 11. Qxd7+ Bxd7 12. Bd3 Bc6 13. Be2 Nbd7 14. O-O O-O 15.
Rad1 Rae8 16. Nd2 h6 17. Bh4 Nh7 18. Bxe7 Rxe7 19. Bf3 Bxf3 20. Nxf3 Nhf6 21. Rd2
Ne5 22. Nxe5 Rxe5 23. Rfd1 Rfe8 24. Kf1 a6 25. Nd5 Nxd5 26. Rxd5 g6 27. Rxe5 Rxe5
28. Rd7 b5 29. cxb5 axb5 30. Rd2 Kg7 31. f3 g5 32. Kf2 Kg6 33. g3 f6 34. h3  1/2-1/2

[Event "2022 Welsh Open "]
[Site "Cardiff"]
[Date "2022.04.15"]
[Round "2"]
[Board "26"]
[White "Frame, Rob"]
[Black "Emblem, Mark"]
[Result "0-1"]
[WhiteElo "1008"]
[BlackElo "1428"]
[PlyCount "46"]
[EventDate "2022.04.15"]
[EventRounds "7"]
[EventCountry "WLS"]

1. e4 e6 2. d4 d5 3. e5 c5 4. c3 Nc6 5. Nf3 Be7 6. a3 Nh6 7. Bd3 Nf5 8. b4 cxd4 9.
b5 Na5 10. cxd4 Qb6 11. Bb2 Bd7 12. a4 Rc8 13. Bc3 O-O 14. g4 Nh4 15. Rg1 Nxf3+ 16.
Qxf3 f6 17. Qh3 h6 18. f4 fxe5 19. fxe5 Rxc3 20. Nxc3 Qxd4 21. Rf1 Qxc3+ 22. Ke2
Qb2+ 23. Ke3 Bc5#  0-1

[Event "2022 Welsh Open "]
[Site "Cardiff"]
[Date "2022.04.16"]
[Round "3"]
[Board "1"]
[White "Van Veelen, Thomas"]
[Black "Timmins, Chris P"]
[Result "1-0"]
[WhiteElo "1998"]
[BlackElo "1885"]
[PlyCount "0"]
[EventDate "2022.04.15"]
[EventRounds "7"]
[EventCountry "WLS"]

1. d4 d5 2. c4 Nc6 3. Nf3 Bg4 4. Nc3 Nf6 5. cxd5 Nxd5 6. e4 Bxf3 7. gxf3 Nxc3 8.
bxc3 e5 9. d5 Nb8 10. Be3 Be7 11. Bb5+ Nd7 12. Qa4 a6 13. Bxd7+ Qxd7 14. Qxd7+ Kxd7
15. Ke2 g6 16. c4 f5 17. Rhc1 f4 18. Bd2 Bc5 19. Bc3 Kd6 20. a4 a5 21. Rg1 b6 22.
Rg5 Rae8 23. h4 Bd4 24. Bxd4 exd4 25. Kd3 Re5 26. Kxd4 Rhe8 27. Rag1 R8e7 28. h5
gxh5 29. Rxh5 c5+ 30. Kd3 Rf7 31. Rh6+ Kc7 32. Rgh1 Ree7 33. d6+  1-0

[Event "2022 Welsh Open "]
[Site "Cardiff"]
[Date "2022.04.16"]
[Round "3"]
[Board "2"]
[White "Havard, Gwyn"]
[Black "May, Adam J"]
[Result "1/2-1/2"]
[WhiteElo "1916"]
[BlackElo "1950"]
[PlyCount "0"]
[EventDate "2022.04.15"]
[EventRounds "7"]
[EventCountry "WLS"]

1. e4 c6 2. d4 d5 3. e5 c5 4. Bb5+ Bd7 5. Bxd7+ Qxd7 6. Ne2 Nc6 7. f4 e6 8. Be3 h5
9. dxc5 Nge7 10. Nd4 Nxd4 11. Bxd4 Nf5 12. Nc3 Qc6 13. b4 Nxd4 14. Qxd4 a5 15. b5
Qxc5 16. Qxc5 Bxc5 17. Kd2 O-O 18. Na4 Be7 19. Nb6 Rad8 20. Rhf1 Bc5 21. Na4 Ba3
22. Rf3 Be7 23. Nb6 d4 24. a3 Rfe8 25. Rd3 g6 26. Nc4 Rd5 27. Rb1 Rc5 28. Nxa5 Rec8
29. Rb2 Rc3 30. Rxd4 g5 31. Nxb7 Bxa3 32. Ra2 gxf4 33. Rxf4 Be7 34. h4 Rg3 35. Nd6
Rxg2+ 36. Kd3 Rd8 37. Ra6 f6 38. Rc4 Rg3+ 39. Ke2 fxe5 40. Rc8 Rxc8 41. Nxc8 Bc5
42. b6 Rg2+ 43. Kd3 e4+ 44. Kxe4 Bxb6 45. Rxb6 Rxc2 46. Ne7+ Kf7 47. Rb7 Kf6 48.
Ng8+ Kg6 49. Ne7+ Kf6  1/2-1/2

[Event "2022 Welsh Open "]
[Site "Cardiff"]
[Date "2022.04.16"]
[Round "3"]
[Board "3"]
[White "Vlkova, Anezka"]
[Black "Jukes, Sam"]
[Result "1-0"]
[WhiteElo "1938"]
[BlackElo "1850"]
[PlyCount "0"]
[EventDate "2022.04.15"]
[EventRounds "7"]
[EventCountry "WLS"]

1. e4 c5 2. Nc3 Nc6 3. g3 g6 4. Bg2 Bg7 5. Nge2 d6 6. d3 e6 7. O-O Nge7 8. Bg5 Rb8
9. Qd2 h6 10. Be3 b5 11. d4 b4 12. Nd1 cxd4 13. Nxd4 a5 14. c4 Nxd4 15. Bxd4 Bxd4
16. Qxd4 e5 17. Qd2 Nc6 18. f4 Nd4 19. Ne3 b3 20. Qf2 O-O 21. axb3 Rxb3 22. f5 g5
23. h4 Ba6 24. f6 Qb6 25. Nd5 Ne2+ 26. Kh2 Qxf2 27. Rxf2 Nxg3 28. hxg5 hxg5 29. Bf3
g4 30. Ne7+ Kh7 31. Kxg3  1-0

[Event "2022 Welsh Open "]
[Site "Cardiff"]
[Date "2022.04.16"]
[Round "3"]
[Board "4"]
[White "Bevan, Peter M"]
[Black "Thomas, Mark"]
[Result "1-0"]
[WhiteElo "1855"]
[BlackElo "1919"]
[PlyCount "0"]
[EventDate "2022.04.15"]
[EventRounds "7"]
[EventCountry "WLS"]

1. d4 g6 2. c4 Bg7 3. Nc3 d6 4. e4 e5 5. d5 a5 6. Be2 Nd7 7. Nf3 Nc5 8. Bg5 f6 9.
Be3 Nh6 10. Nd2 Nf7 11. Nb3 b6 12. g4 Bd7 13. Nxc5 dxc5 14. Qd2 Nd6 15. a4 Qe7 16.
O-O-O O-O-O 17. f3 Rdf8 18. Rdg1 Rf7 19. Nb5 Rhf8 20. Nxd6+ cxd6 21. b3 f5 22. gxf5
gxf5 23. Bg5 Qe8 24. Bh6 Bxh6 25. Qxh6 Kc7 26. Rg7 Rxg7 27. Qxg7 Rf7 28. Qg3 Qf8
29. Rg1 Qh6+ 30. Qg5 Qxg5+ 31. Rxg5 fxe4 32. fxe4 Rf2 33. Bg4 Bxg4 34. Rxg4 Rxh2
35. Rg7+ Kc8 36. Rg8+ Kb7 37. Rg7+ Ka6 38. Rd7 Rh6 39. Kc2 Rh4 40. Rxd6 Rxe4 41.
Rh6 Rd4 42. Rxh7 e4 43. Re7 b5 44. axb5+ Kb6 45. Re6+ Kb7 46. Ra6 e3 47. Rxa5 Rd2+
48. Kc3 Rd1 49. Ra2 Rc1+ 50. Rc2 Re1 51. Rh2 e2 52. Kd2 Rb1 53. Rxe2 Rxb3 54. Kc2
Rg3 55. Rd2 Rg4 56. Kc3 Rg3+ 57. Rd3 Rg1 58. d6 Kc8 59. Rd5 Rc1+ 60. Kb3  1-0

[Event "2022 Welsh Open "]
[Site "Cardiff"]
[Date "2022.04.16"]
[Round "3"]
[Board "5"]
[White "Espinosa Delgado, Miguel"]
[Black "Sipho, Donovan"]
[Result "1-0"]
[WhiteElo "1878"]
[BlackElo "1638"]
[PlyCount "0"]
[EventDate "2022.04.15"]
[EventRounds "7"]
[EventCountry "WLS"]

1. d4 Nf6 2. c4 e6 3. Nf3 d5 4. Nc3 c5 5. cxd5 exd5 6. g3 Nc6 7. Bg2 Be6 8. O-O Rc8
9. Bg5 h6 10. Bxf6 Qxf6 11. e3 Rd8 12. Rc1 c4 13. b3 Ba3 14. Rc2 Bf5 15. Rd2 Bb4
16. Qc1 Bd3 17. Rfd1 Bxc3 18. Qxc3 Be4 19. Ne5 Bxg2 20. Kxg2 b5 21. bxc4 bxc4 22.
e4 Qd6 23. exd5 Qxd5+ 24. Kg1 Na5 25. Qb4 Rd6 26. Qb8+ Rd8 27. Qxa7 O-O 28. Qc5 f6
29. Ng4 Nb7 30. Qxd5+ Rxd5 31. Ne3 Rd7 32. Nxc4 Nd8 33. d5 Nf7 34. Kg2 Ng5 35. f3
Rc7 36. Ne3 Rc3 37. Re1 Re8 38. Nc2 Rxe1 39. Nxe1 Kf8 40. h4 Nf7 41. d6 Ra3 42. Kf2
Ke8 43. d7+ Kd8 44. f4 Ra7 45. Nf3 Rxd7 46. Rxd7+ Kxd7 47. h5 Nd6 48. g4 Ne4+ 49.
Ke3 Nc3 50. a3 Nb5 51. a4 Nc3 52. a5 Nd5+ 53. Ke4 Ne7 54. Nd4 Kc7 55. Nf5 Nc8 56.
Kd5 Kb7 57. Nd6+  1-0

[Event "2022 Welsh Open "]
[Site "Cardiff"]
[Date "2022.04.16"]
[Round "3"]
[Board "6"]
[White "Wu, Yuxuan"]
[Black "Guy, David"]
[Result "1/2-1/2"]
[WhiteElo "1303"]
[BlackElo "1870"]
[PlyCount "0"]
[EventDate "2022.04.15"]
[EventRounds "7"]
[EventCountry "WLS"]

1. d4 d5 2. c4 e6 3. Nc3 Nf6 4. cxd5 exd5 5. Bg5 Be7 6. e3 O-O 7. Bd3 c6 8. Qc2 Nbd7
9. Nf3 h6 10. Bh4 Re8 11. O-O Nf8 12. Rab1 Nh5 13. Bxe7 Qxe7 14. b4 b6 15. b5 Bb7
16. bxc6 Bxc6 17. Bb5 Qd6 18. Ne5 Bxb5 19. Nxb5 Qe7 20. Qc7 Nf6 21. Rfc1 Ne6 22.
Qxe7 Rxe7 23. f3 a6 24. Nd6 b5 25. Rc2 Ne8 26. Nxe8 Rexe8 27. Rbc1 f6 28. Nd3 Ng5
29. Kf2 Nf7 30. Nf4 Red8 31. Rc5 Nd6 32. Nxd5 Nc4 33. e4 Ra7 34. g4 Kf7 35. Ke2 Rad7
36. a4 h5 37. axb5 axb5 38. Rxb5 Nd6 39. Rbc5 hxg4 40. Rc7 gxf3+ 41. Kxf3 Nb5 42.
Rxd7+ Rxd7 43. Ke3 Ra7 44. Rd1 Ra2 45. Nf4 Rxh2 46. Rb1 Nd6 47. Rc1 g5 48. Rc7+ Ke8
49. Nd5 Rh3+ 50. Ke2 Rh2+ 51. Kf3 Rh3+ 52. Ke2 Rh2+ 53. Kd3 Rh3+ 54. Ne3  1/2-1/2

[Event "2022 Welsh Open "]
[Site "Cardiff"]
[Date "2022.04.16"]
[Round "3"]
[Board "7"]
[White "Fowler, Hugo"]
[Black "Hurn, Robert Aj"]
[Result "1-0"]
[WhiteElo "1840"]
[BlackElo "1609"]
[PlyCount "0"]
[EventDate "2022.04.15"]
[EventRounds "7"]
[EventCountry "WLS"]

1. e4 c5 2. c3 Nf6 3. e5 Nd5 4. d4 cxd4 5. cxd4 d6 6. Nf3 Nc6 7. Bc4 dxe5 8. dxe5
Ndb4 9. Qxd8+ Nxd8 10. Na3 Bd7 11. O-O Rc8 12. Nd4 a6 13. Be3 e6 14. Rfd1 Be7 15.
Bb3 O-O 16. Nf5 exf5 17. Rxd7 Bc5 18. Rc1 b6 19. Bxc5 bxc5 20. Nc4 Ne6 21. Nd6 Rcd8
22. Rxd8 Rxd8 23. Rc3 Kf8 24. a3 Nc6 25. Bxe6 fxe6 26. f4 Nd4 27. Rc4 Rb8 28. b4
Nc6 29. Rxc5 Nd4 30. Kf2 Nb3 31. Rc3 Nd4 32. Ke3 Nb5 33. Nxb5 axb5 34. Rc5 Ra8 35.
Rc3 h6 36. Kd3 Rd8+ 37. Kc2 g5 38. Rc5 Ra8 39. Kb3 Rd8 40. Kc2 Ra8 41. Kb3 Rd8 42.
fxg5 hxg5 43. Rxb5 Rd2 44. Rc5 Rxg2 45. b5 Rxh2 46. b6 Rh1 47. Rb5 Rh7 48. b7 Rxb7
49. Rxb7 g4 50. Kc3 g3 51. Kd3 g2 52. Rb1 f4 53. Ke4   1-0